Guts : (Record no. 2958)

MARC details
000 -LEADER
fixed length control field 01098cam a2200325 a 4500
001 - CONTROL NUMBER
control field 2958
003 - CONTROL NUMBER IDENTIFIER
control field FISKH
005 - DATE AND TIME OF LATEST TRANSACTION
control field 20240217081830.0
008 - FIXED-LENGTH DATA ELEMENTS--GENERAL INFORMATION
fixed length control field 000502s2001 nyu j 000 0aeng
010 ## - LIBRARY OF CONGRESS CONTROL NUMBER
LC control number 00034061
020 ## - INTERNATIONAL STANDARD BOOK NUMBER
International Standard Book Number 0385326505
020 ## - INTERNATIONAL STANDARD BOOK NUMBER
International Standard Book Number 9780545033350
040 ## - CATALOGING SOURCE
Original cataloging agency DLC
Transcribing agency DLC
Modifying agency DLC
Language of cataloging eng
042 ## - AUTHENTICATION CODE
Authentication code lcac
043 ## - GEOGRAPHIC AREA CODE
Geographic area code n-us---
050 00 - LIBRARY OF CONGRESS CALL NUMBER
Classification number PS3566.A834
Item number Z466 2001
082 00 - DEWEY DECIMAL CLASSIFICATION NUMBER
Classification number 813/.54
-- B
Edition number 21
100 1# - MAIN ENTRY--PERSONAL NAME
Personal name Paulsen, Gary.
245 10 - TITLE STATEMENT
Title Guts :
Remainder of title the true stories behind Hatchet and the Brian books /
Statement of responsibility, etc. Gary Paulsen
260 ## - PUBLICATION, DISTRIBUTION, ETC.
Place of publication, distribution, etc. New York :
Name of publisher, distributor, etc. Scholastic,
Date of publication, distribution, etc. 2001
300 ## - PHYSICAL DESCRIPTION
Extent 148 pages ;
Dimensions 20 cm
520 ## - SUMMARY, ETC.
Summary, etc. The author relates incidents in his life and how they inspired parts of his books about the character, Brian Robeson.
600 10 - SUBJECT ADDED ENTRY--PERSONAL NAME
Personal name Paulsen, Gary
Form subdivision Juvenile literature.
600 11 - SUBJECT ADDED ENTRY--PERSONAL NAME
Personal name Paulsen, Gary.
650 #0 - SUBJECT ADDED ENTRY--TOPICAL TERM
Topical term or geographic name entry element Authors, American
Chronological subdivision 20th century
Form subdivision Biography
-- Juvenile literature.
650 #0 - SUBJECT ADDED ENTRY--TOPICAL TERM
Topical term or geographic name entry element Children's stories
General subdivision Authorship
Form subdivision Juvenile literature.
650 #1 - SUBJECT ADDED ENTRY--TOPICAL TERM
Topical term or geographic name entry element Authors, American.
906 ## - LOCAL DATA ELEMENT F, LDF (RLIN)
a 7
b cbc
c orignew
d 1
e ocip
f 20
g y-gencatlg
942 ## - ADDED ENTRY ELEMENTS (KOHA)
Source of classification or shelving scheme Dewey Decimal Classification
Koha item type Books
Suppress in OPAC No
Holdings
Withdrawn status Lost status Source of classification or shelving scheme Damaged status Not for loan Collection Home library Current library Shelving location Date acquired Total Checkouts Full call number Barcode Date last seen Copy number Price effective from Koha item type
    Dewey Decimal Classification     Non-Fiction Footprints International School Library Network Toul Kork Campus Footprints International School Library Network Toul Kork Campus   01/25/2024   PAU 813.54 PS3566.A834 FISSE00567 01/25/2024 1 01/25/2024 Books
    Dewey Decimal Classification     Non-Fiction Footprints International School Library Network Toul Kork Campus Footprints International School Library Network Toul Kork Campus   02/17/2024   PAU 813.54 PS3566.A834 FISSE00571 02/17/2024 2 02/17/2024 Books
    Dewey Decimal Classification     Non-Fiction Footprints International School Library Network Toul Kork Campus Footprints International School Library Network Toul Kork Campus TTP Secondary Non-Fiction Bookshelves 02/17/2024   PAU 813.54 PS3566.A834 2024-0139 11/01/2024 3 02/17/2024 Books
    Dewey Decimal Classification     Non-Fiction Footprints International School Library Network Toul Kork Campus Footprints International School Library Network Toul Kork Campus TTP Secondary Non-Fiction Bookshelves 02/17/2024   PAU 813.54 PS3566.A834 FISSE00570 11/01/2024 4 02/17/2024 Books
    Dewey Decimal Classification     Non-Fiction Footprints International School Library Network Toul Kork Campus Footprints International School Library Network Toul Kork Campus TTP Secondary Non-Fiction Bookshelves 02/17/2024   PAU 813.54 PS3566.A834 FISSE00572 11/01/2024 5 02/17/2024 Books
    Dewey Decimal Classification     Non-Fiction Footprints International School Library Network Toul Kork Campus Footprints International School Library Network Toul Kork Campus TTP Secondary Non-Fiction Bookshelves 02/17/2024   PAU 813.54 PS3566.A834 FISSE00569 11/01/2024 6 02/17/2024 Books
    Dewey Decimal Classification     Non-Fiction Footprints International School Library Network Toul Kork Campus Footprints International School Library Network Toul Kork Campus TTP Secondary Non-Fiction Bookshelves 02/17/2024   PAU 813.54 PS3566.A834 FISSE01169 11/01/2024 7 02/17/2024 Books